Flagi wszystkich regionów Francji - Statystyki

Ogólne statystyki
  • Ten quiz został rozwiązany 3 razy
  • Średni wynik to 5 z 13
Statystyki odpowiedzi
Obrazkowy Odpowiedź % Poprawnych
Bretania
100%
Korsyka
100%
Grand Est
50%
Hauts De France
50%
Ile de France
50%
Normandia
50%
Oksytania
50%
Burgundia Franche Comte
0%
Kraj Loary
0%
Nowa Akwitania
0%
Owernia Rodan Alpy
0%
Prowansja Alpy Lazurowe Wybrzeże
0%
Region Centralny Dolina Loary
0%
Nie znaleziono quizów pasujących do podanych kryteriów
Rozkład punktacji
Procent ludzi z każdym wynikiem
Percentyl według liczby udzielonych odpowiedzi
Twoja historia wyników
Nie rozwiązałeś tego quizu